Diccionario abreviado del Surrealismo

সংরক্ষণ করুন:
গ্রন্থ-পঞ্জীর বিবরন
প্রধান লেখক: Breton, André (Author), Eluard, Paul (Author)
বিন্যাস: গ্রন্থ
ভাষা:স্প্যানিশ
প্রকাশিত: Madrid Ediciones Siruela S. A 2015
সংস্করন:1a. ed
মালা:Libros del Tiempo, 324
বিষয়গুলি:
ট্যাগগুলো: ট্যাগ যুক্ত করুন
কোনো ট্যাগ নেই, প্রথমজন হিসাবে ট্যাগ করুন!

MARC

LEADER 00000cam a2200000 a 4500
001 UCC7270
003 CL-VaPUC
005 20220401223027.0
008 190322e20150000sp |||||||||||||||||spa|d
999 |c 373955  |d 373953 
020 |a 9788416396047 
040 |c Pontificia Universidad Católica de Valparaíso 
082 0 4 |a 709.04063  |b BRE  |2 21 
100 |a Breton, André  |e author  |9 268387 
245 1 0 |a Diccionario abreviado del Surrealismo 
250 |a 1a. ed 
260 |a Madrid  |b Ediciones Siruela S. A  |c 2015 
300 |a 150 p 
490 0 |a Libros del Tiempo, 324 
583 |a last modification  |c 20190322 14:57:00  |k Rodrigo Vera 
650 0 |a Surrealismo  |9 265502 
650 0 |a Diccionarios  |9 256200 
700 0 |a Eluard, Paul  |e author  |9 332714 
942 |c BK  |2 ddc 
945 |d 20190322 14:57:00  |a dcastane 
952 |0 0  |1 0  |2 ddc  |3 erd  |4 0  |6 709_040630000000000_BRE_2015  |7 0  |8 A  |9 492291  |a BIBART  |b BIBART  |i 5536979  |l 3  |o 709.04063 BRE 2015  |p 5536979  |r 2025-03-13  |s 2022-04-18  |w 2019-11-24  |y BK  |z Catalogado en:20190322  |k ART